Statistics for Flags of Europe countries

Click here to take the quiz!

General Stats

  • This quiz has been taken 21 times
  • The average score is 36 of 44

Answer Stats

Answer% Correct
France
100%
Germany
95%
Greece
95%
Ireland
95%
Italy
95%
Poland
95%
Portugal
95%
Russia
95%
Spain
95%
Switzerland
95%
UK
95%
Denmark
90%
Finland
90%
Iceland
90%
Netherlands
90%
Norway
90%
Sweden
90%
Vatican
90%
Austria
85%
Belgium
85%
Czech Republic
85%
Luxembourg
85%
San Marino
85%
Albania
80%
Hungary
80%
kosovo
80%
Malta
80%
Monaco
80%
Slovakia
80%
Ukraine
80%
Estonia
75%
Serbia
75%
Slovenia
75%
Belarus
70%
Bulgaria
70%
Latvia
70%
Lithuania
70%
Macedonia
70%
Montenegro
70%
Romania
70%
Bosnia
65%
Moldova
65%
Andorra
60%
Liechtenstein
60%

Score Distribution

Percentile by Number Answered

Percent of People with Each Score

Your Score History

You have not taken this quiz